000 00483nam a2200157 i 4500
001 43803
003 ES-MaACL
005 20230906160858.0
007 t|
008 030318s1913 ag ||||1| spa d
245 0 0 _aCausas instruidas en Buenos Aires durante los siglos XVII y XVIII /
_ccon introducción de Tomás Jofre.
260 _aBuenos Aires :
_b[s.n.,
_c1913] (
_fConí Mª)
300 _aXIX, 375 p. ;
_c24 cm.
700 1 _aJofre, Tomás.
_966708
852 _aES-MaACL
_jD-3393
999 _c43803
_d43803